000 00613nam a2200229Ia 4500
003 OSt
005 20220928150217.0
006 a|||||r|||| 00| 0
007 ta
008 220927b |||||||| |||| 00| 0 eng d
024 _a89055
037 _cTextual
040 _aSDCL
_cSDCL
_beng
041 _2eng
_aeng
082 _aW691.43'N8, M4
100 _aJock Lim Joo Ed.
_9515729
245 0 _aArmed communist movementts in Southeast Asia
260 _c1984
700 _a Vani S Ed.
_9515730
942 _hW691.43'N8, M4
_cTEXL
_2CC
999 _c840803
_d840803